| 000 | 00429nam a2200181Ia 4500 | ||
|---|---|---|---|
| 001 | 10857 | ||
| 005 | 20260306161903.0 | ||
| 008 | 260306t2012||||xx |||||||||||||| ||spa|| | ||
| 041 | _aESP | ||
| 082 |
_a980 _bA156 |
||
| 100 |
_aAmores Carredano, Juan B. _eAUT |
||
| 245 | 0 | _aHistoria de América | |
| 260 | _c2012 | ||
| 300 |
_axviii, 959 páginas : _c24 cm. |
||
| 650 | _aGEN | ||
| 654 | _aCHU | ||
| 942 |
_cLIB _dJUS _fJUS _2ddc _n |
||
| 999 |
_c10857 _d10857 |
||